Povinnosti platiteľov DPH v poslednom zdaňovacom období roku 2018

Zúčtovanie pomerne odpočítanej dane. Úprava odpočítanej dane pri investičnom majetku. Ilustračné príklady. Komplexný príklad.

Enregistré dans:
Détails bibliographiques
Auteur principal: Betáková, Jaroslava
Format: Chapitre de livre
Langue:slovaque
Sujets:
Tags: Ajouter un tag
Pas de tags, Soyez le premier à ajouter un tag!

MARC

LEADER 00000naa a2200000 4500
001 0249834
005 20221104111019.3
041 0 |a slo 
044 |a SK 
245 1 0 |a Povinnosti platiteľov DPH v poslednom zdaňovacom období roku 2018  |c Jaroslava Betáková 
520 |a Zúčtovanie pomerne odpočítanej dane. Úprava odpočítanej dane pri investičnom majetku. Ilustračné príklady. Komplexný príklad. 
610 2 0 |a úpravy právne 
610 2 0 |a daňovníci 
610 2 0 |a dane z hodnoty pridanej 
610 2 0 |a zúčtovanie 
610 2 0 |a odpočet dane 
100 1 |a Betáková, Jaroslava